Entre la formación escolar y la educación a lo largo de la vida: los modos del cuidado ético y del pensar la diferencia en la experiencia educativa (Record no. 624970)

000 -CABECERA
Campo de control de longitud fija 00542nab a2200145Ia 4500
003 - IDENTIFICADOR DEL NÚMERO DE CONTROL
Campo de control ES-SlBCS
005 - FECHA Y HORA DE LA ÚLTIMA TRANSACCIÓN
Campo de control 20210601135233.0
008 - CÓDIGOS DE INFORMACIÓN DE LONGITUD FIJA
Campo de control de longitud fija 140529s2010 xxu||||| |||| 00| 0 spa d
041 ## - CÓDIGO DE LENGUA
Código de lengua del texto/banda sonora o título independiente spa
100 1# - PUNTO DE ACCESO PRINCIPAL-NOMBRE DE PERSONA
Nombre de persona Pagni, Pedro Ângelo
9 (RLIN) 209212
245 00 - MENCIÓN DE TÍTULO
Título Entre la formación escolar y la educación a lo largo de la vida: los modos del cuidado ético y del pensar la diferencia en la experiencia educativa
Mención de responsabilidad, etc. Pedro Ângelo Pagni
650 04 - PUNTO DE ACCESO ADICIONAL DE MATERIA-TÉRMINO DE MATERIA
Término de materia o nombre geográfico como elemento inicial Arte de Vivir
9 (RLIN) 230019
773 0# - ENLACE AL DOCUMENTO FUENTE
Título Bordon
Parte(s) relacionada(s) vol. 62, nº. 3, 2010, págs. 119-131
Número de control del registro relacionado Rev1090
942 ## - ENTRADA DE ELEMENTOS AGREGADOS (KOHA)
Koha [por defecto] tipo de item Artículos de revista
Holdings
Suprimido Perdido Estropeado No para préstamo Localización permanente Localización actual Localización en estantería Fecha adquisición Préstamos totales Fecha última consulta Fecha del precio de reemplazo Tipo de item de Koha
        San Esteban San Esteban Depósito de revistas 11/07/2014   11/07/2014 11/07/2014 Artículos de revista

Bibliotecas Dominicos Provincia Hispania, 2016

Con tecnología Koha